| 000 | 00584nam a22001817a 4500 | ||
|---|---|---|---|
| 003 | AM-YeHGA | ||
| 005 | 20250617155146.0 | ||
| 008 | 190307s ||||| |||| 00| 0 rus d | ||
| 040 | _aAM-YeHGA | ||
| 041 | 0 | _arus | |
| 245 | 0 | 0 |
_aСтатистика : _bУчебник для вузов / _cСост. В. И. Хотимский |
| 260 |
_aМосква : _aЛенинград : _bГос. эконом. изд-во, _c1932. |
||
| 300 | _aXIX, 723 с. | ||
| 653 | 0 | _aЭкономика | |
| 700 | 1 |
_4com _aХотимский, В. _eсост |
|
| 942 |
_2udc _cBK |
||
| 090 | _c429795 | ||
| 999 |
_c427311 _d427311 |
||